LIBRARY & INFORMATION CENTRE, KCAET, TAVANUR

ONLINE PUBLIC ACCESS CATALOGUE (OPAC)

Electro osmosis irrigation (Record no. 15238)

MARC details
000 -LEADER
fixed length control field 00592nam a22002057a 4500
003 - CONTROL NUMBER IDENTIFIER
control field OSt
088 ## - REPORT NUMBER
Report number P 87
100 ## - MAIN ENTRY--AUTHOR NAME
Personal name ANILA JOSEPH MORRIS
245 ## - TITLE STATEMENT
Title Electro osmosis irrigation
260 ## - PUBLICATION, DISTRIBUTION, ETC. (IMPRINT)
Place of publication Tavanur 1999
Name of publisher department of irrigation
300 ## - PHYSICAL DESCRIPTION
Number of Pages 65
500 ## - GENERAL NOTE
General note Electro osmosis irrigation
520 ## - SUMMARY, ETC.
Summary, etc Electro osmosis irrigation
700 ## - ADDED ENTRY--PERSONAL NAME
Personal name Binu Koshy
700 ## - ADDED ENTRY--PERSONAL NAME
Personal name Jasmine Davis
700 ## - ADDED ENTRY--PERSONAL NAME
Personal name Er. Abdul Hakkim V. M (Guide)
856 ## - ELECTRONIC LOCATION AND ACCESS
Uniform Resource Identifier https://drive.google.com/open?id=1QfYQRhxiMOS29JMBWTDh86RDVISDfmeK
942 ## - ADDED ENTRY ELEMENTS (KOHA)
Koha item type Project Report
Holdings
Collection code Home library Current library Shelving location Full call number Accession Number Koha item type
Reference KAUAET KAUAET Reference 631.587 ANI/EL P 87 Project Report
free website counter